[Event "US Open-120"]
[Site "Orlando"]
[Date "2019.08.06"]
[Round "4"]
[White "Dommalapati, Aasa"]
[Black "Oen, Grant"]
[Result "1-0"]
[WhiteElo "1725"]
[BlackElo "2001"]
[PlyCount "85"]
[EventDate "2019.08.03"]
[EventType "swiss"]
[EventRounds "9"]
[EventCountry "USA"]
[SourceTitle "CBM 191 Extra"]
[Source "ChessBase"]
[SourceDate "2019.09.30"]
[SourceVersion "1"]
[SourceVersionDate "2019.09.30"]
[SourceQuality "1"]

1. e4 c5 2. Nf3 a6 3. g3 e6 4. Bg2 Nf6 5. Qe2 b5 6. d4 cxd4 7. Nxd4 Bb7 8. 0-0 Bc5 9. Nb3 Be7 10. a4 0-0 11. e5 Nd5 12. axb5 axb5 13. Rxa8 Bxa8 14. Qxb5 Nc7 15. Qe2 Nc6 16. Nc3 Bb7 17. Rd1 Qc8 18. Bf4 Rd8 19. Na4 Qa8 20. Nb6 Qa7 21. Nxd7 Nd5 22. Bxd5 exd5 23. e6 f6 24. Ra1 Nd4 25. Qd1 Qxa1 26. Nxa1 Nxe6 27. Qe2 Kf7 28. Nb6 d4 29. Nb3 g5 30. Na5 Bd5 31. Nxd5 Rxd5 32. Bd2 Bc5 33. Qe4 Re5 34. Qxh7+ Ng7 35. Nc4 Re2 36. Qd3 Re6 37. b4 Ba7 38. b5 g4 39. b6 Bxb6 40. Nxb6 Rxb6 41. Qxd4 Rb1+ 42. Kg2 f5 43. Bc3 1-0